Your guide to health (Record no. 173607)

000 -LEADER
fixed length control field 00310nam a2200121Ia 4500
008 - FIXED-LENGTH DATA ELEMENTS--GENERAL INFORMATION
fixed length control field 220217s9999||||xx |||||||||||||| ||und||
082 ## - DEWEY DECIMAL CLASSIFICATION NUMBER
Classification number 611.13 AND
100 ## - MAIN ENTRY--PERSONAL NAME
Personal name Anderson, Clifford
9 (RLIN) 4147
245 #0 - TITLE STATEMENT
Title Your guide to health
260 ## - PUBLICATION, DISTRIBUTION, ETC.
Place of publication, distribution, etc. OWPH press
Name of publisher, distributor, etc. Pune
Date of publication, distribution, etc. 2001
300 ## - PHYSICAL DESCRIPTION
Other physical details 400
650 ## - SUBJECT ADDED ENTRY--TOPICAL TERM
Topical term or geographic name entry element GENERAL BOOKS
Holdings
Withdrawn status Lost status Damaged status Not for loan Collection code Home library Current library Shelving location Date acquired Full call number Barcode Date last seen Price effective from Koha item type
        Computer Science and Engineering Central Library Central Library Book Cart 02/18/2022 611.13 AND 8796 02/18/2022 02/18/2022 Books

Powered by Koha